<?xml version="1.0" encoding="UTF-8"?>
<record
    xmlns:xsi="http://www.w3.org/2001/XMLSchema-instance"
    xsi:schemaLocation="http://www.loc.gov/MARC21/slim http://www.loc.gov/standards/marcxml/schema/MARC21slim.xsd"
    xmlns="http://www.loc.gov/MARC21/slim">

  <leader>02357njm a2200373Ia 4500</leader>
  <controlfield tag="001">20550</controlfield>
  <controlfield tag="003">IT-RoPAU</controlfield>
  <controlfield tag="005">20220918181204.0</controlfield>
  <controlfield tag="008">131025s9999    xx            000 0 und d</controlfield>
  <datafield tag="040" ind1=" " ind2=" ">
    <subfield code="a">IT-RoPAU</subfield>
  </datafield>
  <datafield tag="040" ind1=" " ind2=" ">
    <subfield code="c">IT-RoPAU</subfield>
  </datafield>
  <datafield tag="041" ind1=" " ind2=" ">
    <subfield code="a">ITALIANO</subfield>
  </datafield>
  <datafield tag="999" ind1=" " ind2=" ">
    <subfield code="c">103292</subfield>
    <subfield code="d">103292</subfield>
  </datafield>
  <datafield tag="999" ind1=" " ind2=" ">
    <subfield code="b">n.d.</subfield>
  </datafield>
  <datafield tag="100" ind1=" " ind2=" ">
    <subfield code="a">Anonimo </subfield>
    <subfield code="9">883</subfield>
  </datafield>
  <datafield tag="100" ind1=" " ind2=" ">
    <subfield code="e">Autore musica</subfield>
    <subfield code="9">2095</subfield>
  </datafield>
  <datafield tag="100" ind1=" " ind2=" ">
    <subfield code="g">Codice autore musica SPICS:  2620</subfield>
    <subfield code="9">885</subfield>
  </datafield>
  <datafield tag="245" ind1=" " ind2=" ">
    <subfield code="a">Buon Natale, mondo!</subfield>
  </datafield>
  <datafield tag="250" ind1=" " ind2=" ">
    <subfield code="a">1a ed.</subfield>
  </datafield>
  <datafield tag="260" ind1=" " ind2=" ">
    <subfield code="a">ALBANO</subfield>
  </datafield>
  <datafield tag="260" ind1=" " ind2=" ">
    <subfield code="b">EP - MUSICALI E DISCOGRAFICHE</subfield>
    <subfield code="c">1982 [1a Ed.:1982 - Ed. Lingua Orig.: 1982]</subfield>
  </datafield>
  <datafield tag="300" ind1=" " ind2=" ">
    <subfield code="a">DISCO</subfield>
  </datafield>
  <datafield tag="300" ind1=" " ind2=" ">
    <subfield code="c">83 minuti (Testo:  pag.)</subfield>
  </datafield>
  <datafield tag="500" ind1=" " ind2=" ">
    <subfield code="a">Canti di Natale. In versione cantata e in versione strumentale</subfield>
  </datafield>
  <datafield tag="505" ind1=" " ind2=" ">
    <subfield code="a">Sei qui Ges&#xF9; (cantato e strumentale) - Gloria in excelsis Deo (cantato e strumentale) - Noel Noel-Brill&#xF2; nel ciel (cantato e strumentale) - Jingle Bells (cantato e strumentale) - Adeste fideles-Venite fratelli (cantato e strumentale) - Mille suoni (cantato e strumentale) - Fermarono i cieli (cantato e strumentale) - Gloria a Ges&#xF9; (cantato e strumentale) - Venite adoriamo (cantato e strumentale) - O notte limpida-O Tennanbaum (cantato e strumentale) - Piva, piva (cantato e strumentale) - Tu scendi dalle stelle [(cantato e strumentale) (3:00)] - Bianco Natale [(cantato e strumentale) (3:00)] - Ninna nanna [(cantato e strumentale) (4:00)] - Astro del ciel (cantato e strumentale) [(cantato e strumentale) (4:00)] - Astro del ciel [(cantato e strumentale) (5:00)]</subfield>
  </datafield>
  <datafield tag="511" ind1=" " ind2=" ">
    <subfield code="a">Coro "Le Piccole Voci"  diretto da Di Mario Angelo</subfield>
  </datafield>
  <datafield tag="650" ind1=" " ind2=" ">
    <subfield code="a">CANTI DI NATALE [DISCHI]</subfield>
    <subfield code="e">Codice MATERIA SPICS: 9950</subfield>
    <subfield code="9">2096</subfield>
  </datafield>
  <datafield tag="700" ind1=" " ind2=" ">
    <subfield code="a">Sant'Alfonso M. de Liguori</subfield>
    <subfield code="g">Codice autore testo/musica SPICS: 23101</subfield>
    <subfield code="e">Autore testo/musica</subfield>
    <subfield code="p">Tu scendi dalle stelle</subfield>
    <subfield code="9">2097</subfield>
  </datafield>
  <datafield tag="700" ind1=" " ind2=" ">
    <subfield code="a">Devilli (Curci Alberto)</subfield>
    <subfield code="g">Codice autore musica SPICS: 13392</subfield>
    <subfield code="e">Autore musica</subfield>
    <subfield code="p">Bianco Natale</subfield>
    <subfield code="9">817</subfield>
  </datafield>
  <datafield tag="700" ind1=" " ind2=" ">
    <subfield code="a">Berlin</subfield>
    <subfield code="g">Codice autore testo/musica SPICS: 20144</subfield>
    <subfield code="e">Autore testo/musica</subfield>
    <subfield code="p">Bianco Natale</subfield>
    <subfield code="9">818</subfield>
  </datafield>
  <datafield tag="700" ind1=" " ind2=" ">
    <subfield code="a">Brahms Johannes</subfield>
    <subfield code="g">Codice autore testo/musica SPICS: 8867</subfield>
    <subfield code="e">Autore testo/musica</subfield>
    <subfield code="p">Ninna nanna</subfield>
    <subfield code="9">891</subfield>
  </datafield>
  <datafield tag="700" ind1=" " ind2=" ">
    <subfield code="a">Couperin Francois</subfield>
    <subfield code="g">Codice autore testo/musica SPICS: 10665</subfield>
    <subfield code="e">Autore testo/musica</subfield>
    <subfield code="p">In notte placida</subfield>
    <subfield code="9">2098</subfield>
  </datafield>
  <datafield tag="700" ind1=" " ind2=" ">
    <subfield code="a">Gruber Franz</subfield>
    <subfield code="g">Codice autore testo/musica SPICS: 10935</subfield>
    <subfield code="e">Autore testo/musica</subfield>
    <subfield code="p">Astro del ciel</subfield>
    <subfield code="9">2099</subfield>
  </datafield>
  <datafield tag="942" ind1=" " ind2=" ">
    <subfield code="c">MD</subfield>
    <subfield code="2">ddc</subfield>
  </datafield>
  <datafield tag="952" ind1=" " ind2=" ">
    <subfield code="0">0</subfield>
    <subfield code="1">0</subfield>
    <subfield code="4">0</subfield>
    <subfield code="6">20550_000000000000000</subfield>
    <subfield code="7">1</subfield>
    <subfield code="a">SPICS</subfield>
    <subfield code="b">SPICS</subfield>
    <subfield code="d">2013-10-25</subfield>
    <subfield code="l">0</subfield>
    <subfield code="o">20550</subfield>
    <subfield code="r">2013-10-25 00:00:00</subfield>
    <subfield code="w">2013-10-25</subfield>
    <subfield code="y">MD</subfield>
    <subfield code="z">Progr. Ins.: 3857 / N.Vol.: 2 / Copie: 1 - Copia rara: n.d. / date import: 01.01.2014 - By Epidotti, Trombetti, Vaglietti</subfield>
  </datafield>
</record>
